000 00439nam a2200157Ia 4500
003 GCL
008 140319s9999 xx 000 0 eng d
040 _aGCL /
_cGCL
082 0 4 _aCC
_b320.962
_bB S
100 1 _aBAKER, WILLIAM
245 1 0 _aSADAT AND AFTER: STRUGGLES FOR EGYPT POLITICAL SOUL /
_cBAKER, WILLIAM
260 _a[S.N] :
_bI.B. TAURIS & CO LTD PUBLISHERS ،
_c1990
300 _a365 P
650 0 4 _aEGYPT
942 _2ddc
_cBK
999 _c25202
_d25202